Sylvie : (Registro nro. 3317)
[ vista simple ]
| 000 -LEADER | |
|---|---|
| fixed length control field | 01130nam a2200253Ia 4500 |
| 003 - CONTROL NUMBER IDENTIFIER | |
| control field | OSt |
| 005 - DATE AND TIME OF LATEST TRANSACTION | |
| control field | 20250619152058.0 |
| 008 - FIXED-LENGTH DATA ELEMENTS--GENERAL INFORMATION | |
| fixed length control field | 191128t2017 ck er 000 f spa d |
| 020 ## - INTERNATIONAL STANDARD BOOK NUMBER | |
| International Standard Book Number | 9789588997025 |
| 040 ## - CATALOGING SOURCE | |
| Original cataloging agency | CO-JMCR |
| Transcribing agency | CO--JMCR |
| 041 ## - LANGUAGE CODE | |
| Language code of text/sound track or separate title | spa |
| 082 ## - DEWEY DECIMAL CLASSIFICATION NUMBER | |
| Classification number | A-N |
| Item number | NERs |
| Edition number | 23 |
| 100 1# - MAIN ENTRY--PERSONAL NAME | |
| Personal name | Nerval, Gérard de, |
| Dates associated with a name | 1808 -1855, |
| Relator term | autor |
| 9 (RLIN) | 7737 |
| 245 10 - TITLE STATEMENT | |
| Title | Sylvie : |
| Remainder of title | recuerdos del valois / |
| Statement of responsibility, etc. | Gérard de Nerval; traductor Mateo Cardona Vallejo |
| 250 ## - EDITION STATEMENT | |
| Edition statement | Primera edición |
| 260 ## - PUBLICATION, DISTRIBUTION, ETC. | |
| Place of publication, distribution, etc. | Bogotá : |
| Name of publisher, distributor, etc. | Alcaldía Mayor de Bogotá ; Instituto Distrital de las Artesa (IDARTES), |
| Date of publication, distribution, etc. | ©2017 |
| 300 ## - PHYSICAL DESCRIPTION | |
| Extent | 77 páginas ; |
| Dimensions | 17 cm. |
| 490 0# - SERIES STATEMENT | |
| Series statement | Libro al viento universal |
| 500 ## - GENERAL NOTE | |
| General note | Incluye datos biográficos del autor. Ganador de la beca Nacional de traducción - Frances, Idartes 2016. |
| 505 ## - FORMATTED CONTENTS NOTE | |
| Formatted contents note | Gérard de Nerval -- Noche perdida -- Adrienne -- Resolución -- Viaje a Citera -- El pueblo -- Othys -- Chaalis -- El baile de Loisy -- Ermenonville -- El crespo -- Regreso -- Don Gordo -- Auréle -- Última hoja |
| 650 14 - SUBJECT ADDED ENTRY--TOPICAL TERM | |
| Topical term or geographic name entry element | Poesía francesa |
| 9 (RLIN) | 7738 |
| 700 ## - ADDED ENTRY--PERSONAL NAME | |
| Personal name | Cardona Vallejo, Mateo, |
| Relator term | traductor |
| 9 (RLIN) | 7739 |
| 942 ## - ADDED ENTRY ELEMENTS (KOHA) | |
| Source of classification or shelving scheme | Dewey Decimal Classification |
| Koha item type | Books |
| Withdrawn status | Lost status | Source of classification or shelving scheme | Damaged status | Not for loan | Home library | Current library | Date acquired | Source of acquisition | Full call number | Barcode | Date last seen | Copy number | Koha item type |
|---|---|---|---|---|---|---|---|---|---|---|---|---|---|
| Dewey Decimal Classification | Biblioteca Pública José María del Castillo y Rada | Biblioteca Pública José María del Castillo y Rada | 11/28/2019 | Donación | A-N NERs | 201801212 | 11/28/2019 | Ej.1 | Books |